The Certified Six Sigma Green Belt Handbook / (Record no. 13065)

MARC details
000 -LEADER
fixed length control field 01625cam a2200325 a 4500
001 - CONTROL NUMBER
control field 15053510
005 - DATE AND TIME OF LATEST TRANSACTION
control field 20080703095349.0
007 - PHYSICAL DESCRIPTION FIXED FIELD--GENERAL INFORMATION
fixed length control field co |g|||||||||
008 - FIXED-LENGTH DATA ELEMENTS--GENERAL INFORMATION
fixed length control field 071022s2008 wiua | bf 001 0 eng d
010 ## - LIBRARY OF CONGRESS CONTROL NUMBER
LC control number 2007043656
020 ## - INTERNATIONAL STANDARD BOOK NUMBER
International Standard Book Number 9780873896986 (alk. paper)
035 ## - SYSTEM CONTROL NUMBER
System control number (OCoLC)ocn171555399
035 ## - SYSTEM CONTROL NUMBER
System control number (OCoLC)171555399
040 ## - CATALOGING SOURCE
Original cataloging agency DLC
Transcribing agency DLC
Modifying agency YDX
-- YDXCP
-- BAKER
-- BTCTA
-- DLC
050 00 - LIBRARY OF CONGRESS CALL NUMBER
Classification number TS156
Item number .C4235 2008
082 00 - DEWEY DECIMAL CLASSIFICATION NUMBER
Classification number 658.4013
Edition number 22
Item number SIG
245 04 - TITLE STATEMENT
Title The Certified Six Sigma Green Belt Handbook /
Statement of responsibility, etc Roderick A. Munro ... [et al.].
260 ## - PUBLICATION, DISTRIBUTION, ETC. (IMPRINT)
Place of publication, distribution, etc Milwaukee, Wis. :
Name of publisher, distributor, etc ASQ Quality Press,
Date of publication, distribution, etc c2008.
300 ## - PHYSICAL DESCRIPTION
Extent xxxvi, 443 p. :
Other physical details ill. ;
Dimensions 26 cm.
504 ## - BIBLIOGRAPHY, ETC. NOTE
Bibliography, etc Includes bibliographical references (p. 435-436) and index.
650 #0 - SUBJECT ADDED ENTRY--TOPICAL TERM
Topical term or geographic name as entry element Six sigma (Quality control standard)
Form subdivision Handbooks, manuals, etc.
9 (RLIN) 10052
650 #0 - SUBJECT ADDED ENTRY--TOPICAL TERM
Topical term or geographic name as entry element Production management
Form subdivision Handbooks, manuals, etc.
9 (RLIN) 10053
650 #0 - SUBJECT ADDED ENTRY--TOPICAL TERM
Topical term or geographic name as entry element Quality control
General subdivision Statistical methods
Form subdivision Handbooks, manuals, etc.
9 (RLIN) 10054
700 1# - ADDED ENTRY--PERSONAL NAME
Personal name Munro, Roderick A.
9 (RLIN) 10055
856 41 - ELECTRONIC LOCATION AND ACCESS
Materials specified Table of contents
Uniform Resource Identifier <a href="http://www.loc.gov/catdir/toc/fy0804/2007043656.html">http://www.loc.gov/catdir/toc/fy0804/2007043656.html</a>
942 ## - ADDED ENTRY ELEMENTS (KOHA)
Source of classification or shelving scheme Dewey Decimal Classification
Item type Book - Borrowing
Holdings
Withdrawn status Item status Source of classification or shelving scheme Damaged status Not for loan Vendor Home library Current library Shelving location Date acquired Source of acquisition Total Checkouts Total Renewals Full call number Barcode Date last seen Date last borrowed Koha item type Public note
    Dewey Decimal Classification       Central Library Central Library First floor 21/12/2009 Donation 4 9 658.4013 SIG 000019252 22/02/2026 26/11/2017 Book - Borrowing Donation
    Dewey Decimal Classification       Central Library Central Library First floor 08/04/2010       658.4013 SIG 000020460 24/08/2022   CD | DVD - With book